Statistiques concernant Harry Potter et les Animaux Fantastiques

Cliquez ici pour prendre le quiz!

Statistiques générales

  • Ce quiz a été pris 434 fois
  • Le résultat moyen est 153 sur 238

Statistiques - réponses

Nom de famillePrénom% Correct
PotterJames Sirius
96%
BlackSirius
96%
DumbledoreAlbus
94%
GrangerHermione
94%
LestrangeBellatrix
92%
MalefoyDrago
92%
DelacourFleur
92%
PotterHarry
92%
PotterLily Luna
92%
LondubatNeville
92%
PotterAlbus Severus
91%
Araignée d'HagridAragog
91%
Elfe des MalefoyDobby
91%
WeasleyFred
91%
WeasleyFred junior
91%
WeasleyGinny
91%
PotterLily
91%
MalefoyLucius
91%
LovegoodLuna
91%
Dragon de Hagrid | DragonneauNorbert
91%
DursleyPetunia
91%
WeasleyRon
91%
RogueSeverus
91%
DiggoryCedric
90%
DursleyDudley
90%
WeasleyGeorge
90%
PotterJames
90%
WeasleyMolly
90%
WeasleyMolly junior
90%
PettigrowPeter
90%
JedusorTom
90%
WeasleyArthur
89%
WeasleyBill
89%
Hippogriffe de HagridBuck
89%
ChangCho
89%
McGonagallMinerva
89%
Fantome de SerpentardLe Baron Sanglant
88%
Serpent de VoldemortNagini
88%
MalefoyNarcissa
88%
WeasleyPercy
88%
HagridRubeus
88%
DursleyVernon
88%
MaugreyAlastor
87%
WeasleyCharlie
87%
Rat de RonCroutard
87%
GryffondorGodric
87%
Fantome de GryffondorNick
87%
LupinRemus
87%
OmbrageDolores
86%
Chouette de HarryHedwige
86%
PoufsouffleHelga
86%
FlamelNicolas
86%
KrumViktor
86%
TonksNymphadora
85%
DuboisOlivier
85%
Chat d'HermionePattenrond
85%
SerdaigleRowena
85%
SerpentardSalazar
85%
CrouptonBarty junior
84%
CrouptonBarty senior
84%
ThomasDean
84%
PatilPadma
84%
PatilParvati
84%
SkeeterRita
84%
LovegoodXenophilius
84%
KarkaroffIgor
83%
Elfe des BlackKreattur
83%
Esprit FrappeurPeeves
83%
FinniganSeamus
83%
CrabbeVincent
83%
DumbledoreAbelforth
82%
CriveyColin
82%
FudgeCornelius
82%
Phenix de DumbledoreFumseck
82%
SlughornHorace
82%
Chat de RusardMiss Teigne
82%
TonksTed
82%
DiggoryAmos
81%
FlitwickFilius
81%
LockhartGilderoy
81%
AbbotHannah
81%
BellKatie
81%
BrownLavande
81%
ChouravePomona
81%
Chien a trois tetesTouffu
81%
DumbledoreAriana
80%
Chien de HagridCrockdur
80%
GrindelwaldGellert
80%
Fantome de SerdaigleLa Dame Grise
80%
Fantome des toilettes des fillesMimi Geignarde
80%
TourdesacBathilda
78%
GoyleGregory
78%
MaximeOlympe
78%
TrelawneySibylle
78%
Crapaud de NevilleTrevor
78%
LondubatAlice
77%
RusardArgus
77%
SerdaigleHelena
77%
Fantome de PoufsouffleLe Moine Gras
77%
DelacourGabrielle
76%
Demi-frère de HagridGraup
76%
JordanLee
76%
ParkinsonPansy
76%
GreybackFenrir
75%
CentaureFirenze
75%
BlackRegulus
75%
JohnsonAngelina
74%
Bryce | LondubatFrank
74%
WeasleyRose
74%
ShackleboltKingsley
73%
CarrowAlecto
72%
Hibou des WeasleyErrol
72%
LupinTeddy
72%
CarrowAmycus
70%
McLaggenCormac
70%
WeasleyHugo
69%
DeauclairePenelope
68%
QuirrellQuirinus
68%
RocadeStan
68%
ZabiniBlaise
67%
Hibou de RonCoquecigrue
67%
GauntElvis
67%
PeverellIgnotus
67%
DursleyMarjorie
67%
FletcherMondingus
67%
PomfreshPoppy
67%
MalefoyScorpius
67%
Elfe des CrouptonWinky
67%
DolohovAntonin
66%
OllivandersGarrick
66%
GoldsteinQueenie
66%
BibineRenée
66%
GoldsteinTina
66%
Danlmur | MacmillanErnie
65%
ScrimgeourRufus
64%
CrochueBertie
63%
Gobelin de GringottsGripsec
63%
CriveyDennis
62%
LestrangeLeta
62%
Finch-FletchleyJustin
61%
Belby | FlintMarcus
61%
DumbledorePerceval
61%
BellebosseCroyance
60%
SpinnetAlicia
59%
DogeElphias
59%
TonksAndromeda
58%
Boursoufflet de GinnyArnold
58%
PinceIrma
58%
BulstrodeMillicent
58%
DumbledoreKendra
57%
BellebosseMary Lou
57%
BonesSusan
57%
FiggArabella
56%
KowalskiJacob
56%
LestrangeRodolphus
56%
DippetArmando
55%
BurbageCharity
55%
GauntMerope
55%
WeasleyVictoire
55%
VerpeyLudovic
54%
HopkrikMafalda
54%
Hibou de PercyHermes
53%
VaneRomilda
53%
SinistraAurora
51%
GreengrassAstoria
50%
LondubatAugusta
50%
DragonneauThesee
50%
GoldsteinAnthony
48%
FortaromeFlorian
45%
WeasleyRoxanne
45%
BinnsCuthbert
44%
DiggleDedalus
44%
WeasleyDominique
44%
WeasleyLouis
44%
CornerMichael
44%
RosierEvan
43%
GauntMorfin
43%
WeasleyLucy
41%
RuncornAlbert
40%
PrewettFabian
40%
Fabricant de baguettesGregorovitch
40%
BlackOrion
40%
ThicknessePius
40%
CattermoleReginald
40%
SmithZacharias
40%
JorkinsBertha
39%
GreengrassDaphné
39%
BlackPhineas Nigellus
39%
BootTerry
38%
NottTheodore
38%
BonesAmelia
37%
PeverellAntioch
37%
PeverellCadmus
37%
PrewettGideon
37%
WeasleyMuriel
37%
RogueTobias
37%
WeasleyBilius
36%
PrinceEileen
36%
GravesPercival
36%
RookwoodAugustus
35%
Gobe-PlancheWilhelmina
35%
LestrangeRabastan
34%
SmithHepzibah
33%
Elfe des SmithHokey
33%
EdgecombeMarietta
33%
DaviesRoger
32%
VectorSeptima
31%
VanceEmmeline
29%
KamaYusuf
29%
OgdenBob
27%
DawlishJohn
27%
BellebosseModestie
27%
PolkissPiers
26%
AbercromieEuan
25%
LestrangeCorvus
24%
JonesHestia
24%
PodmoreSturgis
24%
PuceyAdrian
23%
MidgenEloise
23%
DerwentDilys
22%
SloperJack
22%
BabblingBathsheba
21%
McKinnonMarlene
20%
PicquerySeraphine
20%
TetenjoyGalatea
19%
JonesGwenog
19%
RobinsDemelza
18%
MacnairWalden
18%
MorozBroderick
17%
MarchebankGriselda
17%
PeakesJimmy
17%
CooteRichie
15%
RowleThorfinn
14%
MontagueCraig
11%

Distribution des résultats

Percentile par nombre de réponses

% des personnes avec chaque résultat

Votre développement - résultats

Vous n’avez pas pris ce quiz